000 00452nam a2200181Ia 4500
008 220531s9999 xx 000 0 und d
041 _aeng
082 _bBEC
100 _aBeckert,j. &. Zafirovsia,m.
_960993
245 _aInternational Ency.of Economic Sociology.
250 _a1
260 _aPune
_bRoutledge
_c2011
300 _a773
542 _d26-11-2011
650 _aSociology
_960994
906 _d2011-2012
999 _c34812
_d34812